Educadores / (Record no. 1058)
[ view plain ]
| 000 -LEADER | |
|---|---|
| campo de control de longitud fija | 00716nas a2200241 i 4500 |
| 001 - NÚMERO DE CONTROL | |
| campo de control | 1058 |
| 003 - IDENTIFICADOR DE NÚMERO DE CONTROL | |
| campo de control | ES-MaACL |
| 005 - FECHA Y HORA DE LA ÚLTIMA TRANSACCIÓN | |
| campo de control | 20250828062526.0 |
| 007 - CAMPO FIJO DE DESCRIPCIÓN FÍSICA--INFORMACIÓN GENERAL | |
| campo de control de longitud fija | t| |
| 008 - DATOS DE LONGITUD FIJA--INFORMACIÓN GENERAL | |
| campo de control de longitud fija | 950801c1959 sp t| | 1 ||pa d |
| 080 ## - NÚMERO DE LA CLASIFICACIÓN DECIMAL UNIVERSAL | |
| Número de la Clasificación Decimal Universal | 37 |
| 245 00 - MENCIÓN DEL TÍTULO | |
| Título | Educadores / |
| Mención de responsabilidad, etc. | [dir. José de Ercilla]. |
| 260 ## - PUBLICACIÓN, DISTRIBUCIÓN, ETC. | |
| Lugar de publicación, distribución, etc. | Madrid : |
| Nombre del editor, distribuidor, etc. | Federación Española de Religiosos de Enseñanza, |
| Fecha de publicación, distribución, etc. | 1959- |
| 300 ## - DESCRIPCIÓN FÍSICA | |
| Extensión | 43 v. ; |
| Dimensiones | 24 cm. |
| 310 ## - PERIODICIDAD ACTUAL | |
| Periodicidad actual | Cuatrimestral |
| 362 0# - FECHAS DE PUBLICACIÓN Y/O DESIGNACIÓN SECUENCIAL | |
| Fecha de publicación y/o designación secuencial | Año I, v. I (1959)- |
| 650 #7 - PUNTO DE ACCESO ADICIONAL DE MATERIA--TÉRMINO DE MATERIA | |
| Término de materia o nombre geográfico como elemento de entrada | Educación |
| Fuente del encabezamiento o término | embne |
| 9 (RLIN) | 12073 |
| 700 1# - ENTRADA AGREGADA--NOMBRE PERSONAL | |
| Nombre de persona | Ercilla, José de, |
| Término indicativo de función/relación | |
| 9 (RLIN) | 47362 |
| 710 2# - ENTRADA AGREGADA--NOMBRE DE ENTIDAD CORPORATIVA | |
| Nombre de entidad corporativa o nombre de jurisdicción como elemento de entrada | Federación Española de Religiosos de Enseñanza. |
| 9 (RLIN) | 4105 |
| 852 ## - LOCALIZACIÓN | |
| Ubicación | ES-MaACL |
| Número de control de estantería | Hem-1035 |
| 866 #0 - MENCIÓN TEXTUAL DE FONDOS--UNIDAD BIBLIOGRÁFICA BÁSICA | |
| Fondos | 1960-64(1965),1967-2000. |
| Estatus retirado | Estado de pérdida | Estado de daño | No para préstamo | Colección | Biblioteca de origen | Biblioteca actual | Ubicación en estantería | Fecha de adquisición | Fuente de adquisición | Total de préstamos | Signatura topográfica completa | Código de barras | Visto por última vez | Precio de reemplazo | Tipo de ítem Koha |
|---|---|---|---|---|---|---|---|---|---|---|---|---|---|---|---|
| Periódicos y Revistas | Biblioteca del Ateneo de Madrid | Biblioteca del Ateneo de Madrid | Depósito 1 | 17/01/2008 | Hem-1035 | 1001079 | 23/02/2023 | 23/02/2023 | Revista |
